[Event "Sao Paulo Schutt op 14th"]
[Site "Sao Paulo"]
[Date "2017.09.16"]
[Round "3"]
[White "Nobre, Jose Adalberto Barb"]
[Black "De Santana, Gabriel Mascarenhas"]
[Result "1-0"]
[WhiteElo "1615"]
[BlackElo "1548"]
[PlyCount "37"]
[EventDate "2017.09.15"]
[EventType "swiss"]
[EventRounds "6"]
[EventCountry "BRA"]
[SourceTitle "CBM 180 Extra"]
[Source "ChessBase"]
[SourceDate "2017.10.06"]
[SourceVersion "1"]
[SourceVersionDate "2017.10.06"]
[SourceQuality "1"]

1. e4 e5 2. Nf3 Nc6 3. d4 exd4 4. Bc4 h6 5. Nxd4 Bc5 6. Bxf7+ Kxf7 7. Qh5+ g6 8. Qxc5 Qf6 9. Be3 Nge7 10. Qc4+ Kg7 11. Nc3 a6 12. 0-0-0 d6 13. f4 b5 14. Qe2 Kh7 15. Nd5 Nxd5 16. exd5 Nxd4 17. Bxd4 Qxf4+ 18. Kb1 Bf5 19. Qe7+ 1-0